| 000 | 01558cam a22004214i 4500 | ||
|---|---|---|---|
| 003 | PE-LiUPU | ||
| 005 | 20250731175624.0 | ||
| 008 | 150623s r 000 0 d | ||
| 020 | _a1575060361 | ||
| 035 | _a(Sirsi) i9781575060361 | ||
| 040 |
_aPE-LiUPU _bspa _cPE-LiUPU _erda |
||
| 049 | _aPRUA | ||
| 082 | 0 | 4 |
_a492.45 _bV92 _221 |
| 245 | 0 | 4 |
_aThe verbless clause in biblical Hebrew : _blinguistic approaches / _ceditado por Cynthia L. Miller. |
| 264 | 1 |
_aWinoma Lake, Indiana : _bEisenbrauns, _c1999. |
|
| 300 |
_a368 páginas : _bilustraciones, gráficos ; _c24 centímetros |
||
| 336 |
_atext _2rdacontent |
||
| 337 |
_aunmediated _2rdamedia |
||
| 338 |
_avolume _2rdacarrier |
||
| 490 | 0 |
_aLinguistic Studies in Ancient West Semitic ; _v1 |
|
| 504 | _aIncluye bibliografía. | ||
| 505 | 0 | _aBasic issues. -Syntactic approaches. -Semantic nd pragmatic approaches. | |
| 526 | _aP145 | ||
| 526 | _aP127 | ||
| 526 | _aP97 | ||
| 526 | _aP35 | ||
| 526 | _aP14 | ||
| 526 | _aP07 | ||
| 630 |
_aBiblia. _pA.T. _xLenguaje y estilo. |
||
| 650 | 0 | 4 |
_aHebreo _xCláusulas. |
| 700 | 1 |
_aMiller, Cynthia L., _eed. |
|
| 942 |
_2ddc _cBOOK |
||
| 949 |
_a492.45 V92 _wDEWEY _c1 _i48243 _lCCODEBUL1 _mBUL _r0 _sY _tBOOK _u2015-6-24 _xTEOLOGIA _PP35 _0COMPRA _o.STAFF. Colección General |
||
| 994 |
_aC0 _bPEPRU |
||
| 596 | _a1 | ||
| 999 |
_a492.45 V92 _wDEWEY _c25398 _i48243 _d25398 _e2019-2-20 _f2021-11-11 _g4 _lCCODEBUL1 _mBUL _n2 _q2 _r0 _sY _tBOOK _u2015-6-24 _xTEOLOGIA _PP35 _0COMPRA _o.STAFF. Colección General |
||
| 980 |
_81 _gALBERTO SANCHEZ Responsable de Automatización |
||